000
00452nam a2200169Ia 4500
008
090711s9999 xx 000 0 und d
082
_b
75591
100
_a
इरेश स्वामी
245
_a
हेलपाटा
260
_c
1994
300
_a
128
600
_a
इरेश स्वामी
630
_a
हेलपाटा
700
_a
इरेश स्वामी
730
_a
हेलपाटा
942
_c
BOOK
999
_c
306403
_d
306403